| 000 | 00462cam a2200193ua 4500 | ||
|---|---|---|---|
| 001 | 8172 | ||
| 008 | 150110n ii |||gr||||Z||||||hin | ||
| 040 | _cMAIN | ||
| 041 | _ahin | ||
| 082 | _a891.433 | ||
| 100 |
_aSharan, R., _eAuthor. |
||
| 245 | 1 |
_aUjla kaphan _cBy Raghuvir Sharan |
|
| 250 | _a3rd. | ||
| 260 |
_aMeerut: _bBhartodaya, _c1977. |
||
| 300 | _a168p. | ||
| 653 | _aEast Indo-European & Celtic literatures | ||
| 653 | _aHindi novels | ||
| 942 | _cBK | ||
| 999 |
_c7287 _d7287 |
||